| 000 | 00481nam a2200133Ia 4500 | ||
|---|---|---|---|
| 008 | 231129s9999||||xx |||||||||||||| ||spa|| | ||
| 020 | _a950-15-1365-3 | ||
| 040 | _bspa | ||
| 082 | _a612.67 Ch549c | ||
| 100 | _aChopra Deepak | ||
| 245 | 0 | _aCuerpos sin edad mentes sin tiempo: Modifique su proceso de envejecimiento descubriendo la poderosa relación mente-cuerpo | |
| 264 | _aBuenos Aires Argentina: Javier Vergara Editor | ||
| 942 |
_2ddc _cBKS |
||
| 999 |
_c8557 _d8557 |
||